000 00810nam a22002057a 4500
999 _c4648
_d4648
001 15475
003 BD-DhUAP
005 20201228161148.0
008 201116s2010 bg |||| |||| 000 0 ben d
020 _a9789848920008
040 _aBD-DhUAP
_bBen
_cBD-DhUAP
_dBD-DhUAP
082 _223
_a930.10954923 BEG
100 _aবেগম, আয়শা।
245 _aপ্রত্ননিদর্শন : কুমিল্লা /
_cআয়শা বেগম।
260 _aঢাকা :
_bবাংলাদেশ বিশ্ববিদ্যালয়,
_cc২০১০।
300 _a[২০], ২৪০ পৃষ্ঠা :
_bচিত্র ;
_c২৫ সেমি.।
500 _aনির্ঘণ্ট সম্বলিত।
650 _aArcheology
_zBangladesh.
942 _2ddc
_cBK